Thailand - True or False - Statistics

General Stats
  • This quiz has been taken 1,048 times
  • The average score is 11 of 15
Answer Stats
Question Answer % Correct
It usually snows in Thailand. False
95%
Bangkok's real name is one of the longest city names in the world. True
94%
Thailand don't have kings or queens, they have Prime Ministers. False
93%
Thai's currency is called Renminbi. False
82%
Thailand is a very tropical country, with humid weather almost everyday of the year. True
80%
Thailand has an annual 'Festival of Pigs' False
79%
Thailand is a dangerous country, with very high crime rates. False
78%
Thailand is one of the richest countries in the world. False
76%
In books, Thai is written across the page left to right. True
76%
Christmas is an official holiday in Thailand. False
74%
Touching someone's head is considered rude in Thailand. True
71%
Thailand used to be almost completely water, with very little land. False
62%
It's cheaper to live in the Philippines than Thailand. True
51%
Bangkok is the hottest city in the world. True
22%
Giving a thumbs up in Thailand is extremely disrespectful and rude. True
21%
No matching quizzes found
Score Distribution
Percent of People with Each Score
Percentile by Number Answered
Your Score History
You have not taken this quiz